00866nam a2200205Ia 450000500170000000800410001708200160005810000360007424501580011025000230026830000430029149000580033465000470039265000730043926400250051233600270053733700330056433800280059704000350062520220317001216.0160825s1993 ck a g 000 0 spa 04a351.07 G65m1 aGómez López, Carlos Enrique10aMetodología de investigación orientada a la gestión de administración pública en Colombiabmodulo autoformativocCarlos Enrique Gómez López a1a. reimpresión  a294 páginas bilustraciones c24 cm  aMódulos Autoformativos para educación a distancia142LEMBaMetodología de la Investigación 142LEMB aAdministración pública xInvestigación xMetodología  aBogotábEsapc1993 atextobtxt2rdacontent asin mediaciónbn2rdamedia avolumenbnc2rdacarrier aCO-BoRNBPbspaerdacCO-BoRNBP